01421nam a2200169Ia 4500001001300000003001000013008004100023040002500064041000700089100003300096245006500129250001100194260002900205300001200234500096400246650004101210b5306-35320 IT-MiCISF161014s9999||||xx |||||||||||||| ||und|| aIT-MiCISFcIT-MiCISF ait aZincone Giovanna (a cura di) 0aSecondo rapporto sull'integrazione degli immigrati in Italia a1a ed. aBolognabIl Mulinoc2001 app. 838 acommissione per le politiche di integrazione degli immigrati, Zincone G., Bontempi R., Henry G., Golini A., Conti C., Strozza S., Amato F., Marcega M., Tosi A., Geraci S., Lostia A., Cesareo V., Schietroma R., Besozzi E., Storti N. / famiglia-migranti, abitazione, società, salute, scuola, devianza, politica, lavoro, formazione, rapporti-sociali, politiche-sociali / Le oltre 800 pagine del presente volume (rapporto presentato al governo nel dicembre 2000), pur con un certo ritardo rispetto alle più recenti evoluzioni del fenomeno migratorio nonché della normativa ad esso riferita, costituiscono un riferimento essenziale per la comprensione della realtà dell'immigrazione oggi in Italia, approfondendo i diversi aspetti implicati, dalle tendenze statistiche fino all'atteggiamento dei residenti nei confronti delle prospettive di integrazione. Nel complesso emerge uno scenario complesso e ambivalente, ben corrispondente alla realtà odierna.  a Famiglia e servizi / societàe007